00931nam a22002657a 450000500170000001000130001702000100003003500130004003700160005304000120006908200170008110000200009824500290011824600060014726000580015327000650021130000270027665000470030365000300035065000510038065000650043194200260049699900190052295201240054120170124110252.0 aA-828726 c00.00 aA-828726 bCen Lib/Ret aDPLbEN a620.419bRAO aRao, U.R.99205 aData Bank /cby U.R. Rao b  aBanglore bIndian Space Research Organisation c1987 bBanglore aF-block, cauvery bhawan, Kempegowda roade560009 axxxxi,1493p.c24cm(Hb) aNational resource managemnt system 999616 aCivil engineering 933109 a महिलाx सोसायटी95048 a सामाजिक स्पेक्ट्रम999617 2ddccENh620.419mRAO c135943d135943 00104070aLbLd2015-10-10eCen Lib/Retg0.00l0o620.419 RAOpA-828726r2015-10-10 00:00:00t1v0.00w2015-10-10yEN